Proust et les signes

Tallennettuna:
Bibliografiset tiedot
Päätekijä: Deleuze, Gilles
Aineistotyyppi: Kirja
Kieli:Undetermined
Julkaistu: París, Francia Université de Franc 1979
Aiheet:
Tagit: Lisää tagi
Ei tageja, Lisää ensimmäinen tagi!

MARC

LEADER 00000nam a2200000Ia 4500
008 170316s9999 xx 000 0 und d
040 |a cru BVZT 
090 |a C-840 D-2p 
100 |a Deleuze, Gilles 
245 |a Proust et les signes 
260 |a París, Francia 
260 |b Université de Franc 
260 |c 1979 
300 |a 219 páginas 
650 |a LITERATURA FRANCESA 
650 |a CRÍTICA 
999 |c 12969  |d 12969 
942 |c 15 D  |h C-840 D-2p  |2 z